[Event "DLM 2007"]
[Site "Verden/Aller GER"]
[Date "2007.10.01"]
[Round "5"]
[White "Richter, Jannina"]
[Black "Schätz, Bianca"]
[Result "0-1"]
[Termination "normal"]
[Board "4.8"]
[WhiteElo "1158"]
[BlackElo "1108"]
[WhiteTeam "Mecklenburg-Vorpommern"]
[BlackTeam "Thüringen"]
[PlyCount "76"]
[BlackFideId "24655821"]
[EventCountry "GER"]
[EventRounds "7"]
[EventType "team-swiss"]
[EventDate "2007.09.28"]

1. e4 e5 2. Bc4 Nf6 3. d3 d6 4. Nc3 Be6 5. Bb3 Nc6 6. Nge2 Be7 7. f4 Bxb3 8.
axb3 d5 9. O-O Qd7 10. fxe5 Nxe5 11. Ng3 d4 12. Nce2 a6 13. Nf5 O-O-O 14. Nexd4
Bc5 15. c3 g6 16. Ng3 Bxd4+ 17. cxd4 Qxd4+ 18. Kh1 Rd6 19. Bg5 Nfd7 20. Rb1
Qxd3 21. Qxd3 Rxd3 22. b4 Rd4 23. Be7 Re8 24. Bc5 Rc4 25. Rfc1 b6 26. Rxc4 Nxc4
27. Bd4 Nd2 28. Re1 f5 29. e5 Nc4 30. e6 Nb8 31. Bf6 Nd6 32. Re2 Nc6 33. Bc3
Nb5 34. Nf1 Nbd4 35. Bxd4 Nxd4 36. Rd2 Nxe6 37. Ne3 Nd8 38. Nf1 Nc6 0-1

[Event "DLM 2007"]
[Site "Verden/Aller GER"]
[Date "2007.10.01"]
[Round "5"]
[White "Geske, Julian"]
[Black "Becker, Carsten"]
[Result "1/2-1/2"]
[Termination "normal"]
[Board "5.1"]
[WhiteElo "2212"]
[BlackElo "1955"]
[WhiteTeam "Hessen"]
[BlackTeam "Saarland"]
[PlyCount "53"]
[WhiteFideId "24605263"]
[BlackFideId "24646822"]
[EventCountry "GER"]
[EventRounds "7"]
[EventType "team-swiss"]
[EventDate "2007.09.28"]

1. e4 e6 2. d4 d5 3. Nd2 dxe4 4. Nxe4 Bd7 5. Nf3 Bc6 6. Bd3 Nd7 7. O-O Ngf6 8.
Ng3 Bd6 9. c4 O-O 10. b3 Re8 11. Bb2 Bxf3 12. Qxf3 c6 13. Rad1 Qc7 14. Bb1 Rad8
15. Rfe1 Bf8 16. Ne4 Nxe4 17. Qxe4 g6 18. d5 cxd5 19. cxd5 f5 20. Qa4 Nb6 21.
Qd4 Bg7 22. Qxg7+ Qxg7 23. Bxg7 Kxg7 24. dxe6 Rxe6 25. Kf1 Rxe1+ 26. Kxe1 Nd5
27. Rd4 1/2-1/2

[Event "DLM 2007"]
[Site "Verden/Aller GER"]
[Date "2007.10.01"]
[Round "5"]
[White "Dietzen, Corinna"]
[Black "Fink, Leander"]
[Result "1/2-1/2"]
[Termination "normal"]
[Board "5.2"]
[WhiteElo "2034"]
[BlackElo "2095"]
[WhiteTeam "Saarland"]
[BlackTeam "Hessen"]
[PlyCount "101"]
[WhiteFideId "24621021"]
[BlackFideId "24605247"]
[EventCountry "GER"]
[EventRounds "7"]
[EventType "team-swiss"]
[EventDate "2007.09.28"]

1. e4 c5 2. c3 Nf6 3. e5 Nd5 4. d4 cxd4 5. cxd4 e6 6. a3 d6 7. Nf3 Bd7 8. Bc4
Bc6 9. O-O Nd7 10. Qe2 Qc7 11. Bd2 N5b6 12. Ba2 Rc8 13. Nc3 dxe5 14. Nxe5 Nxe5
15. dxe5 Be7 16. Rac1 O-O 17. Bb1 Rfd8 18. Bf4 Qd7 19. Rfd1 Qe8 20. Ne4 Ba4 21.
Re1 Nd5 22. Bg5 Rxc1 23. Bxc1 Bf8 24. h4 Kh8 25. Qf3 h6 26. Ng5 f5 27. exf6
Nxf6 28. Nxe6 Rd6 29. Ba2 Bd7 30. Qf5 Qf7 31. h5 Be8 32. g4 Rb6 33. b4 Bd6 34.
Ng5 Qf8 35. Ne6 Qf7 36. Bb2 Bd7 37. Qc2 Bh2+ 38. Kxh2 Bxe6 39. Bxe6 Rxe6 40.
Qc8+ Re8 41. Rxe8+ Nxe8 42. Kg1 Qe7 43. Bc3 Qe4 44. g5 hxg5 45. h6 Kg8 46. hxg7
Qb1+ 47. Kh2 Qh7+ 48. Qh3 Nxg7 49. Qxh7+ Kxh7 50. Bxg7 Kxg7 51. a4 1/2-1/2

[Event "DLM 2007"]
[Site "Verden/Aller GER"]
[Date "2007.10.01"]
[Round "5"]
[White "Müller, Denis"]
[Black "Aslan, Benjamin"]
[Result "1/2-1/2"]
[Termination "normal"]
[Board "5.4"]
[WhiteElo "1810"]
[BlackElo "1965"]
[WhiteTeam "Saarland"]
[BlackTeam "Hessen"]
[PlyCount "63"]
[WhiteFideId "4696140"]
[BlackFideId "24640298"]
[EventCountry "GER"]
[EventRounds "7"]
[EventType "team-swiss"]
[EventDate "2007.09.28"]

1. e4 e6 2. d3 d5 3. Nd2 c5 4. Ngf3 Nc6 5. g3 Nf6 6. Bg2 Be7 7. O-O O-O 8. e5
Nd7 9. Re1 b5 10. h4 f6 11. exf6 Nxf6 12. c4 bxc4 13. dxc4 Rb8 14. Ng5 Qd6 15.
cxd5 exd5 16. Nc4 dxc4 17. Qxd6 Bxd6 18. Bxc6 Bf5 19. Ne6 Rfc8 20. Ba4 Rb4 21.
b3 cxb3 22. axb3 Re4 23. Rxe4 Nxe4 24. Bd7 Rb8 25. Nxc5 Nxg3 26. Bxf5 Nxf5 27.
Ne4 Be5 28. Rxa7 Rxb3 29. Ng5 h6 30. Ra8+ Rb8 31. Rxb8+ Bxb8 32. Nf3 1/2-1/2

[Event "DLM 2007"]
[Site "Verden/Aller GER"]
[Date "2007.10.01"]
[Round "5"]
[White "Göbel, Constantin"]
[Black "Wilhelm, Robin"]
[Result "1-0"]
[Termination "normal"]
[Board "5.5"]
[WhiteElo "1846"]
[BlackElo "1549"]
[WhiteTeam "Hessen"]
[BlackTeam "Saarland"]
[PlyCount "55"]
[WhiteFideId "24647071"]
[BlackFideId "4659627"]
[EventCountry "GER"]
[EventRounds "7"]
[EventType "team-swiss"]
[EventDate "2007.09.28"]

1. e4 c5 2. Nf3 Nc6 3. d4 cxd4 4. Nxd4 g6 5. Nc3 Bg7 6. Be3 Nf6 7. Bc4 O-O 8.
O-O Nxd4 9. Bxd4 d6 10. h3 Be6 11. Bb3 Qc7 12. Re1 Rfd8 13. Qe2 Bxb3 14. axb3
e5 15. Be3 a6 16. Bg5 Rd7 17. Qf3 Ne8 18. Nd5 Qc5 19. Be3 Qxc2 20. Nb6 Rdd8 21.
Nxa8 Rxa8 22. Bc1 Nf6 23. Bg5 Nd7 24. Rac1 Qxb2 25. Rc7 f6 26. Rxd7 Rf8 27. Be3
Qxb3 28. Bh6 1-0

[Event "DLM 2007"]
[Site "Verden/Aller GER"]
[Date "2007.10.01"]
[Round "5"]
[White "Grewenig, Jan"]
[Black "Öz, Eda"]
[Result "1-0"]
[Termination "normal"]
[Board "5.6"]
[WhiteElo "1635"]
[BlackElo "1536"]
[WhiteTeam "Saarland"]
[BlackTeam "Hessen"]
[PlyCount "93"]
[WhiteFideId "4657330"]
[BlackFideId "24672963"]
[EventCountry "GER"]
[EventRounds "7"]
[EventType "team-swiss"]
[EventDate "2007.09.28"]

1. e4 e5 2. Nf3 Nc6 3. d4 exd4 4. Nxd4 Bc5 5. Nxc6 bxc6 6. Nc3 Qf6 7. Qd2 Ne7
8. Bc4 O-O 9. O-O d6 10. Na4 Bb6 11. Nxb6 axb6 12. a3 Bb7 13. Rb1 c5 14. Re1
Ng6 15. b4 Ne5 16. Bb3 Qg6 17. Qf4 c4 18. Ba2 b5 19. Bb2 Rfe8 20. f3 Re6 21.
Qe3 Qh5 22. Ra1 Rg6 23. Bxe5 Qxe5 24. f4 Qe7 25. Bb1 f5 26. c3 fxe4 27. Bxe4
Bxe4 28. Qxe4 Qxe4 29. Rxe4 Kf7 30. a4 d5 31. Re5 c6 32. a5 Rd6 33. Rd1 Kf6 34.
g4 g6 35. Kf2 Re6 36. Rde1 Rxe5 37. Rxe5 h6 38. h4 Rd8 39. Ke3 Rd7 40. Kd4 Rc7
41. Kc5 g5 42. hxg5+ hxg5 43. Rxg5 Rc8 44. Rh5 Kg7 45. f5 Re8 46. Rg5+ Kf7 47.
Rg6 1-0

[Event "DLM 2007"]
[Site "Verden/Aller GER"]
[Date "2007.10.01"]
[Round "5"]
[White "Schultheiß, Vera"]
[Black "Sonnhalter, Stella"]
[Result "1/2-1/2"]
[Termination "normal"]
[Board "5.7"]
[WhiteElo "1380"]
[BlackElo "1462"]
[WhiteTeam "Hessen"]
[BlackTeam "Saarland"]
[PlyCount "53"]
[BlackFideId "4624815"]
[EventCountry "GER"]
[EventRounds "7"]
[EventType "team-swiss"]
[EventDate "2007.09.28"]

1. e4 c5 2. Nf3 Nc6 3. d4 cxd4 4. Nxd4 g6 5. Nc3 Bg7 6. Be3 Nf6 7. f3 O-O 8.
Be2 d5 9. exd5 Nb4 10. Bc4 Nbxd5 11. Nxd5 Nxd5 12. Bxd5 Qxd5 13. c3 b6 14. Nb3
Qe6 15. Kf2 Ba6 16. Re1 Rfd8 17. Bd4 Bxd4+ 18. Nxd4 Qf6 19. Qa4 Bb7 20. Qc2
Rac8 21. Nb3 Rd5 22. Qe2 Qh4+ 23. Kg1 Rc7 24. Qf2 Qxf2+ 25. Kxf2 Rcd7 26. Rac1
Ba6 27. f4 1/2-1/2

[Event "DLM 2007"]
[Site "Verden/Aller GER"]
[Date "2007.10.01"]
[Round "5"]
[White "Freis, Katrin"]
[Black "Bluhm, Sonja"]
[Result "0-1"]
[Termination "normal"]
[Board "5.8"]
[WhiteElo "1047"]
[BlackElo "1346"]
[WhiteTeam "Saarland"]
[BlackTeam "Hessen"]
[PlyCount "128"]
[WhiteFideId "24655783"]
[BlackFideId "24654027"]
[EventCountry "GER"]
[EventRounds "7"]
[EventType "team-swiss"]
[EventDate "2007.09.28"]

1. e4 e5 2. Nf3 Nc6 3. Bc4 Bc5 4. Nc3 Nf6 5. d3 d6 6. h3 Be6 7. Bb3 Qd7 8. Bg5
h6 9. Bh4 Bb4 10. Qd2 Nd4 11. a3 Ba5 12. Bxe6 fxe6 13. b4 Bb6 14. Nxd4 Bxd4 15.
Bxf6 gxf6 16. O-O Qc6 17. Rad1 Bxc3 18. Qe2 Qd7 19. Qf3 Qg7 20. g3 h5 21. h4
Bd4 22. Rc1 O-O-O 23. c3 Bb6 24. a4 a6 25. Rfe1 Rdg8 26. Kh2 Rf8 27. Re2 f5 28.
exf5 Rxf5 29. Qg2 Qf7 30. Rf1 Rh6 31. Kg1 Rg6 32. a5 Ba7 33. Rd1 Rgf6 34. Rf1
Rf3 35. Rd2 Qg6 36. d4 exd4 37. cxd4 Rb3 38. Qh3 Rxb4 39. Rfd1 Ra4 40. d5 Rxa5
41. dxe6 Rxe6 42. Re2 Rae5 43. Rde1 Kd8 44. Rxe5 Rxe5 45. Rxe5 dxe5 46. Qg2 Qc6
47. Qf1 Qg6 48. Qd1+ Kc8 49. Qd5 Qxg3+ 50. Kh1 Qxh4+ 51. Kg2 Qxf2+ 52. Kh3 h4
53. Qe6+ Kd8 54. Qd5+ Ke7 55. Qxe5+ Kf7 56. Qh5+ Ke6 57. Qg4+ Qf5 58. Kxh4
Qxg4+ 59. Kxg4 a5 60. Kf4 Kd5 61. Kf3 a4 62. Ke2 a3 63. Kf3 a2 64. Kf4 a1=Q 0-1

[Event "DLM 2007"]
[Site "Verden/Aller GER"]
[Date "2007.10.02"]
[Round "6"]
[White "Nüsken, Nikolas"]
[Black "Kaczmarczyk, Dennis"]
[Result "0-1"]
[Termination "normal"]
[Board "1.1"]
[WhiteElo "2350"]
[BlackElo "2135"]
[WhiteTeam "Niedersachsen I"]
[BlackTeam "Baden"]
[PlyCount "100"]
[WhiteFideId "24605891"]
[BlackFideId "24608297"]
[EventCountry "GER"]
[EventRounds "7"]
[EventType "team-swiss"]
[EventDate "2007.09.28"]

1. e4 c5 2. Nf3 Nc6 3. d4 cxd4 4. Nxd4 Nf6 5. Nc3 d6 6. Bg5 e6 7. Qd2 Be7 8.
O-O-O Nxd4 9. Qxd4 O-O 10. f4 Qa5 11. Bc4 Bd7 12. e5 dxe5 13. fxe5 Bc6 14. Bd2
Nd7 15. Nd5 Qd8 16. Nxe7+ Qxe7 17. Rhe1 Rfd8 18. Qg4 Nf8 19. Bd3 Rd5 20. Bb4
Qd8 21. Bd6 Ng6 22. Kb1 Qh4 23. Qxh4 Nxh4 24. g3 Nf3 25. Re3 f5 26. Rxf3 Rxd6
27. exd6 Bxf3 28. Re1 Kf7 29. c4 Kf6 30. Rf1 Bc6 31. b4 a5 32. a3 axb4 33. axb4
Ra3 34. Bc2 Rc3 35. c5 Rc4 36. Rf4 Rxf4 37. gxf4 e5 38. fxe5+ Kxe5 39. Kc1 g5
40. Kd2 h5 41. Ke2 Bd7 42. h4 g4 43. Bb3 Bb5+ 44. Kf2 f4 45. Bc4 g3+ 46. Kg1
Bxc4 47. d7 f3 48. d8=Q f2+ 49. Kg2 f1=Q+ 50. Kxg3 Qd3+ 0-1

[Event "DLM 2007"]
[Site "Verden/Aller GER"]
[Date "2007.10.02"]
[Round "6"]
[White "Hirschberg, Valerian"]
[Black "Lubbe, Nikolas"]
[Result "1/2-1/2"]
[Termination "normal"]
[Board "1.2"]
[WhiteElo "2026"]
[BlackElo "2263"]
[WhiteTeam "Baden"]
[BlackTeam "Niedersachsen I"]
[PlyCount "59"]
[WhiteFideId "24628492"]
[BlackFideId "4694031"]
[EventCountry "GER"]
[EventRounds "7"]
[EventType "team-swiss"]
[EventDate "2007.09.28"]

1. d4 Nf6 2. c4 c5 3. d5 e6 4. g3 exd5 5. cxd5 d6 6. Bg2 g6 7. Nf3 Bg7 8. Nc3
O-O 9. O-O Re8 10. Nd2 a6 11. a4 Nbd7 12. h3 Qc7 13. Nc4 Nb6 14. Nxb6 Qxb6 15.
a5 Qc7 16. Qc2 Bd7 17. Bf4 Bb5 18. Rfe1 Nh5 19. Bd2 Re7 20. Bf3 Nf6 21. Kh2 Nd7
22. Qb3 c4 23. Qb4 Qc5 24. Ne4 Rxe4 25. Bxe4 Qxf2+ 26. Bg2 Be5 27. Ra3 h5 28.
Rf3 Qd4 29. Bc3 Qxd5 30. Ref1 1/2-1/2

[Event "DLM 2007"]
[Site "Verden/Aller GER"]
[Date "2007.10.02"]
[Round "6"]
[White "Kaphle, Stephan"]
[Black "Petermann, Michail"]
[Result "1-0"]
[Termination "normal"]
[Board "1.3"]
[WhiteElo "2156"]
[BlackElo "2006"]
[WhiteTeam "Niedersachsen I"]
[BlackTeam "Baden"]
[PlyCount "93"]
[WhiteFideId "24629103"]
[BlackFideId "24643530"]
[EventCountry "GER"]
[EventRounds "7"]
[EventType "team-swiss"]
[EventDate "2007.09.28"]

1. e4 c5 2. Nf3 a6 3. c3 d5 4. exd5 Qxd5 5. d4 e6 6. Be2 Nc6 7. O-O Nf6 8. Be3
cxd4 9. cxd4 Be7 10. Nc3 Qd6 11. Nd2 O-O 12. Nc4 Qd8 13. Bf3 Nd5 14. Nxd5 exd5
15. Bxd5 Qxd5 16. Nb6 Qd8 17. Nxa8 Nb4 18. d5 Bf5 19. Nb6 Nc2 20. Rc1 Nxe3 21.
fxe3 Qxb6 22. Rxf5 Qxe3+ 23. Kh1 Bd6 24. Rc3 Qe4 25. Rf1 Re8 26. Qf3 Qxf3 27.
Rcxf3 f6 28. Rb3 Re7 29. Rb6 Bc5 30. Re6 Kf7 31. Rc1 Rc7 32. b4 Bd6 33. Rxc7+
Bxc7 34. g4 g6 35. Kg2 b6 36. h3 Bd8 37. Kf3 h6 38. Ke4 Bc7 39. Rc6 Bd8 40. Rc8
Ke7 41. d6+ Kd7 42. Rb8 a5 43. b5 h5 44. gxh5 gxh5 45. Kd5 h4 46. Rb7+ Ke8 47.
Rh7 1-0

[Event "DLM 2007"]
[Site "Verden/Aller GER"]
[Date "2007.10.02"]
[Round "6"]
[White "Sarchisov, Slavik"]
[Black "Seemann, Semjon"]
[Result "0-1"]
[Termination "normal"]
[Board "1.4"]
[WhiteElo "1842"]
[BlackElo "2010"]
[WhiteTeam "Baden"]
[BlackTeam "Niedersachsen I"]
[PlyCount "62"]
[WhiteFideId "24647888"]
[BlackFideId "24624080"]
[EventCountry "GER"]
[EventRounds "7"]
[EventType "team-swiss"]
[EventDate "2007.09.28"]

1. e4 c5 2. Nf3 d6 3. d4 cxd4 4. Nxd4 Nf6 5. Nc3 a6 6. a4 e5 7. Nf3 Qc7 8. Bg5
Nbd7 9. Nd2 Be7 10. Bxf6 Nxf6 11. Bc4 Be6 12. Qe2 Rc8 13. Bb3 O-O 14. O-O Qc5
15. Nf3 Qb4 16. Bxe6 fxe6 17. Rab1 Nd7 18. Nd2 Nc5 19. Qg4 Rf4 20. Qh3 Rh4 21.
Nd5 Rxh3 22. Nxb4 Rh4 23. g3 Nxe4 24. Nb3 Nxg3 25. fxg3 Rxb4 26. Rf2 Rxa4 27.
Rbf1 Bf6 28. c3 b5 29. Rf3 b4 30. Rc1 e4 31. Rff1 bxc3 0-1

[Event "DLM 2007"]
[Site "Verden/Aller GER"]
[Date "2007.10.02"]
[Round "6"]
[White "Kaphle, Sebastian"]
[Black "Frey, Alisa"]
[Result "1-0"]
[Termination "normal"]
[Board "1.5"]
[WhiteElo "2041"]
[BlackElo "1920"]
[WhiteTeam "Niedersachsen I"]
[BlackTeam "Baden"]
[PlyCount "101"]
[WhiteFideId "24626708"]
[BlackFideId "24634662"]
[EventCountry "GER"]
[EventRounds "7"]
[EventType "team-swiss"]
[EventDate "2007.09.28"]

1. e4 c5 2. Nf3 d6 3. d4 cxd4 4. Nxd4 Nf6 5. Nc3 a6 6. Be3 e5 7. Nf3 Be7 8. Bc4
O-O 9. O-O Be6 10. Bxe6 fxe6 11. Na4 Ng4 12. Qd3 Nxe3 13. Qxe3 Nd7 14. Qb3 b5
15. Qxe6+ Kh8 16. Nc3 Rf6 17. Qd5 Rg6 18. a4 b4 19. Ne2 Rc8 20. Qd2 a5 21. Ng3
Nc5 22. Qe2 Qd7 23. Rfd1 Qg4 24. Kh1 Rf8 25. h3 Qc8 26. Nf5 Qe6 27. Rd5 Qf7 28.
Rxc5 dxc5 29. Nxe5 Qe8 30. Nxg6+ hxg6 31. Nxe7 Qxe7 32. e5 Qe6 33. b3 Qf5 34.
Kg1 Re8 35. Re1 Re6 36. Kh2 g5 37. g3 Rh6 38. g4 Qf4+ 39. Kg2 Re6 40. Qf3 Qd2
41. Re2 Qd8 42. Qf5 Qe7 43. Kg3 Kg8 44. f4 gxf4+ 45. Qxf4 Kh8 46. h4 Rh6 47. g5
Re6 48. h5 Kg8 49. g6 Rf6 50. exf6 Qxe2 51. f7+ 1-0

[Event "DLM 2007"]
[Site "Verden/Aller GER"]
[Date "2007.10.02"]
[Round "6"]
[White "Srokovskiy, Alexander"]
[Black "Günnigmann, Laura"]
[Result "1/2-1/2"]
[Termination "normal"]
[Board "1.6"]
[WhiteElo "1779"]
[BlackElo "1735"]
[WhiteTeam "Baden"]
[BlackTeam "Niedersachsen I"]
[PlyCount "45"]
[WhiteFideId "24676330"]
[EventCountry "GER"]
[EventRounds "7"]
[EventType "team-swiss"]
[EventDate "2007.09.28"]

1. d4 d5 2. c4 e6 3. Nc3 f5 4. e3 Nf6 5. Nf3 c6 6. Bd3 Bd6 7. Ne5 O-O 8. O-O b6
9. Rb1 Ne4 10. Ne2 Bb7 11. f3 Ng5 12. b4 Nd7 13. f4 Ne4 14. c5 Be7 15. b5 Nxe5
16. fxe5 bxc5 17. Bxe4 fxe4 18. bxc6 Bxc6 19. Qc2 Rxf1+ 20. Kxf1 c4 21. Nf4 Qd7
22. Bd2 Bg5 23. Bb4 1/2-1/2

[Event "DLM 2007"]
[Site "Verden/Aller GER"]
[Date "2007.10.02"]
[Round "6"]
[White "Düssler, Stefanie"]
[Black "Kühnel, Lena"]
[Result "0-1"]
[Termination "normal"]
[Board "1.7"]
[WhiteElo "1493"]
[BlackElo "1639"]
[WhiteTeam "Niedersachsen I"]
[BlackTeam "Baden"]
[PlyCount "56"]
[WhiteFideId "4634780"]
[BlackFideId "24640956"]
[EventCountry "GER"]
[EventRounds "7"]
[EventType "team-swiss"]
[EventDate "2007.09.28"]

1. e4 d5 2. exd5 Qxd5 3. Nc3 Qa5 4. Bc4 Nf6 5. d3 c6 6. Nge2 g6 7. Bf4 Bg7 8.
Qd2 O-O 9. f3 e6 10. g4 b5 11. Bb3 Nbd7 12. h4 Rd8 13. Ng3 c5 14. O-O-O Bb7 15.
Qf2 Nd5 16. Nxd5 Bxd5 17. Bxd5 exd5 18. Kb1 Qb4 19. Bc1 c4 20. h5 Bxb2 21. c3
Bxc3+ 22. Bb2 Qxb2+ 23. Qxb2 Bxb2 24. Kxb2 Ne5 25. dxc4 dxc4 26. hxg6 fxg6 27.
Rdf1 Rf8 28. Rh2 Rxf3 0-1

[Event "DLM 2007"]
[Site "Verden/Aller GER"]
[Date "2007.10.02"]
[Round "6"]
[White "Schmitt, Katrin"]
[Black "Rethmann, Kristin"]
[Result "1/2-1/2"]
[Termination "normal"]
[Board "1.8"]
[WhiteElo "1430"]
[BlackElo "1363"]
[WhiteTeam "Baden"]
[BlackTeam "Niedersachsen I"]
[PlyCount "97"]
[WhiteFideId "24654400"]
[BlackFideId "24655805"]
[EventCountry "GER"]
[EventRounds "7"]
[EventType "team-swiss"]
[EventDate "2007.09.28"]

1. c4 e5 2. Nc3 Nf6 3. Nf3 Nc6 4. e3 d5 5. cxd5 Nxd5 6. Nxd5 Qxd5 7. d3 Be6 8.
Be2 Bc5 9. O-O O-O 10. a3 Be7 11. b4 e4 12. dxe4 Qxe4 13. Bd3 Qd5 14. Qc2 Qh5
15. Bb2 Bd6 16. Qc3 Qh6 17. e4 Bg4 18. Nh4 Be5 19. Qc1 Qxh4 20. Bxe5 Nxe5 21.
Bb1 Nf3+ 22. gxf3 Bxf3 23. Qxc7 Bxe4 24. Bxe4 Qxe4 25. Rfe1 Qd5 26. Re7 b6 27.
Rae1 g6 28. Rd7 Qf3 29. Re3 Qg4+ 30. Rg3 Qe6 31. Re3 Qf6 32. Rd6 Rac8 33. Rxf6
Rxc7 34. Rd6 Rfc8 35. Rdd3 Kf8 36. Kg2 Re8 37. Rf3 Rec8 38. Rfe3 Re7 39. Rh3 h5
40. Rhf3 Ke8 41. Rf6 Re6 42. Rf4 Ke7 43. Rff3 Rcc6 44. Rg3 Re4 45. h3 Rc2 46.
Rgf3 Rcc4 47. Rb3 Rc1 48. Rbd3 h4 49. Rb3 1/2-1/2

[Event "DLM 2007"]
[Site "Verden/Aller GER"]
[Date "2007.10.02"]
[Round "6"]
[White "Bracker, Frank"]
[Black "Hirneise, Tobias"]
[Result "1/2-1/2"]
[Termination "normal"]
[Board "2.1"]
[WhiteElo "2198"]
[BlackElo "2293"]
[WhiteTeam "Hamburg"]
[BlackTeam "Württemberg"]
[PlyCount "42"]
[WhiteFideId "24614343"]
[BlackFideId "24600881"]
[EventCountry "GER"]
[EventRounds "7"]
[EventType "team-swiss"]
[EventDate "2007.09.28"]

1. e4 c5 2. Nf3 d6 3. d4 cxd4 4. Nxd4 Nf6 5. Nc3 Nc6 6. Bg5 e6 7. Qd2 a6 8.
O-O-O Bd7 9. f3 h6 10. Be3 b5 11. Nxc6 Bxc6 12. Ne2 Qc7 13. Kb1 Bb7 14. h4 Rc8
15. Rg1 Nd7 16. Nd4 Ne5 17. g4 d5 18. f4 Nc4 19. Bxc4 dxc4 20. Qg2 e5 21. fxe5
Qxe5 1/2-1/2

[Event "DLM 2007"]
[Site "Verden/Aller GER"]
[Date "2007.10.02"]
[Round "6"]
[White "Strunski, Andreas"]
[Black "Möller, Hendrik"]
[Result "0-1"]
[Termination "normal"]
[Board "2.2"]
[WhiteElo "2203"]
[BlackElo "2175"]
[WhiteTeam "Württemberg"]
[BlackTeam "Hamburg"]
[PlyCount "74"]
[WhiteFideId "24606073"]
[BlackFideId "24604917"]
[EventCountry "GER"]
[EventRounds "7"]
[EventType "team-swiss"]
[EventDate "2007.09.28"]

1. d4 Nf6 2. c4 e6 3. Nc3 Bb4 4. Qc2 O-O 5. a3 Bxc3+ 6. Qxc3 b6 7. Bg5 Ba6 8.
Nf3 h6 9. Bh4 g5 10. Bg3 Ne4 11. Qc2 f5 12. e3 d6 13. Bd3 Bb7 14. h3 Nxg3 15.
fxg3 Nd7 16. g4 Bxf3 17. gxf3 f4 18. Be4 Rb8 19. h4 fxe3 20. Bc6 Kg7 21. hxg5
Qxg5 22. Bxd7 Rxf3 23. Qe4 Rbf8 24. Rh5 Rf1+ 25. Ke2 Qf6 26. Rf5 exf5 27. Rxf1
fxe4 28. Rxf6 Kxf6 29. Kxe3 Ke7 30. Bc6 Rf3+ 31. Kxe4 Rb3 32. Kf5 Rxb2 33. Kg6
Rd2 34. Kxh6 Rxd4 35. g5 Rh4+ 36. Kg7 Rxc4 37. Bd5 Rc5 0-1

[Event "DLM 2007"]
[Site "Verden/Aller GER"]
[Date "2007.10.02"]
[Round "6"]
[White "Chin, Karin"]
[Black "Hirneise, Jens"]
[Result "0-1"]
[Termination "normal"]
[Board "2.3"]
[WhiteElo "2053"]
[BlackElo "2090"]
[WhiteTeam "Hamburg"]
[BlackTeam "Württemberg"]
[PlyCount "114"]
[WhiteFideId "24608157"]
[BlackFideId "24614734"]
[EventCountry "GER"]
[EventRounds "7"]
[EventType "team-swiss"]
[EventDate "2007.09.28"]

1. e4 c5 2. Nf3 Nc6 3. c3 Nf6 4. e5 Nd5 5. d4 cxd4 6. cxd4 d6 7. Bc4 Nb6 8. Bb3
dxe5 9. d5 Na5 10. Nc3 Nxb3 11. Qxb3 g6 12. Nxe5 Bg7 13. Nf3 O-O 14. O-O Bg4
15. Nd2 Bxc3 16. Qxc3 Qxd5 17. Re1 Qd7 18. Nf1 Nd5 19. Qg3 f6 20. Bh6 Rfe8 21.
h3 Be6 22. Rad1 Bf7 23. Ne3 Rad8 24. Qh4 Qc6 25. Ng4 Rd6 26. Bc1 Kh8 27. b3 e5
28. Ba3 Nf4 29. Ne3 Rde6 30. Rd2 g5 31. Qg3 Qa6 32. Bb4 Nd3 33. Rxd3 Qxd3 34.
Rd1 Qe4 35. a3 Bh5 36. Rc1 Rc6 37. Re1 Qf4 38. Nf1 Qxg3 39. Nxg3 Bf7 40. Ne4
Ree6 41. Rd1 Bg6 42. Nc5 Red6 43. Rxd6 Rxd6 44. Nxb7 Rd3 45. Nc5 Rd5 46. Nb7
Kg7 47. Bc5 Be4 48. Nd6 Rxc5 49. Nxe4 Rc1+ 50. Kh2 Rb1 51. Nc5 h5 52. Kg3 f5
53. h4 g4 54. a4 Rh1 55. f3 f4+ 56. Kf2 g3+ 57. Ke2 Rg1 0-1

[Event "DLM 2007"]
[Site "Verden/Aller GER"]
[Date "2007.10.02"]
[Round "6"]
[White "Zikeli, Saskia"]
[Black "Moshtael, Wesal"]
[Result "1-0"]
[Termination "normal"]
[Board "2.4"]
[WhiteElo "2091"]
[BlackElo "2113"]
[WhiteTeam "Württemberg"]
[BlackTeam "Hamburg"]
[PlyCount "119"]
[WhiteFideId "24601543"]
[BlackFideId "24618551"]
[EventCountry "GER"]
[EventRounds "7"]
[EventType "team-swiss"]
[EventDate "2007.09.28"]

1. e4 c5 2. Nf3 d6 3. d4 cxd4 4. Nxd4 Nf6 5. Nc3 a6 6. Bg5 e6 7. f4 Nbd7 8. Qf3
Qc7 9. O-O-O Be7 10. g4 b5 11. Bxf6 Nxf6 12. g5 Nd7 13. f5 Nc5 14. f6 gxf6 15.
gxf6 Bf8 16. Rg1 Bd7 17. Rg7 h5 18. Bh3 b4 19. Nd5 Qb7 20. Re1 Rc8 21. Ne7 Bxg7
22. fxg7 Kxe7 23. Rf1 f5 24. gxh8=Q Rxh8 25. Qg3 Kd8 26. exf5 exf5 27. Nxf5
Bxf5 28. Bxf5 Qe7 29. Rd1 Kc7 30. Rd5 Kc6 31. Qf3 Kc7 32. Qg3 Kc6 33. Rd4 a5
34. Bh3 Rf8 35. Bg2+ Kc7 36. Rd5 Nd7 37. Rxh5 Ne5 38. Qe3 Nc6 39. Qxe7+ Nxe7
40. Rxa5 Rf2 41. Rg5 Nf5 42. Be4 Nh4 43. h3 Rh2 44. Rg3 Kb6 45. Rd3 Kc7 46. c3
bxc3 47. Rxc3+ Kd8 48. a4 Re2 49. Bd5 Nf5 50. Bf3 Re1+ 51. Kd2 Re5 52. b4 Nd4
53. Bg4 Rd5 54. Ke3 Nf5+ 55. Bxf5 Rxf5 56. b5 d5 57. b6 d4+ 58. Kxd4 Rf4+ 59.
Kd5 Rxa4 60. b7 1-0

[Event "DLM 2007"]
[Site "Verden/Aller GER"]
[Date "2007.10.02"]
[Round "6"]
[White "Smolkina, Milana"]
[Black "Braun, Georg"]
[Result "0-1"]
[Termination "normal"]
[Board "2.5"]
[WhiteElo "1885"]
[BlackElo "1887"]
[WhiteTeam "Hamburg"]
[BlackTeam "Württemberg"]
[PlyCount "80"]
[WhiteFideId "24618780"]
[BlackFideId "24629383"]
[EventCountry "GER"]
[EventRounds "7"]
[EventType "team-swiss"]
[EventDate "2007.09.28"]

1. e4 c5 2. Nf3 d6 3. d4 cxd4 4. Nxd4 Nf6 5. Nc3 g6 6. Be3 Bg7 7. f3 O-O 8. Qd2
Nc6 9. Bc4 Bd7 10. O-O-O Rc8 11. Bb3 Ne5 12. Bg5 Rc5 13. h4 h5 14. Rhe1 Re8 15.
Kb1 b5 16. f4 Neg4 17. e5 dxe5 18. fxe5 Nxe5 19. Ndxb5 Qb8 20. Nd4 Bg4 21. Rc1
Nc4 22. Qd3 Na5 23. Qe3 Nxb3 24. Nxb3 Rcc8 25. Bf4 Qa8 26. Ne4 Nd5 27. Qf2 Nxf4
28. Qxf4 a5 29. Ng5 Bf6 30. Re4 Bf5 31. Re2 Qa6 32. Rd2 Rc4 33. Qe3 Rec8 34.
Nf3 e5 35. g3 a4 36. Na1 Rc3 37. Qf2 Qb5 38. Re2 Rb8 39. b3 axb3 40. axb3 Rxb3+
0-1

[Event "DLM 2007"]
[Site "Verden/Aller GER"]
[Date "2007.10.02"]
[Round "6"]
[White "Mijatovic, Andrea"]
[Black "Müller, Tobias"]
[Result "1/2-1/2"]
[Termination "normal"]
[Board "2.6"]
[WhiteElo "1844"]
[BlackElo "1585"]
[WhiteTeam "Württemberg"]
[BlackTeam "Hamburg"]
[PlyCount "59"]
[WhiteFideId "14514524"]
[BlackFideId "24643394"]
[EventCountry "GER"]
[EventRounds "7"]
[EventType "team-swiss"]
[EventDate "2007.09.28"]

1. e4 c5 2. Nf3 d6 3. d4 cxd4 4. Nxd4 Nf6 5. Nc3 g6 6. f3 Bg7 7. Be3 O-O 8. Qd2
Nc6 9. O-O-O d5 10. exd5 Nxd5 11. Nxd5 Qxd5 12. Nb3 Qe5 13. c3 Rd8 14. Qf2
Rxd1+ 15. Kxd1 Be6 16. Bd3 Rd8 17. Ke2 Bh6 18. h3 Bf4 19. Rd1 f5 20. Kd2 Bg3
21. Qg1 Nb4 22. Nd4 Nxd3 23. Kxd3 Bxa2 24. Kc2 Bc4 25. Bh6 f4 26. b3 Ba6 27. c4
Qh5 28. Ne6 Rxd1 29. Qxd1 Qxh6 30. Qd7 1/2-1/2